Fast Typing 1 to 100 with One Finger - Statistics

General Stats
  • This quiz has been taken 562 times
  • The average score is 72 of 100
Answer Stats
# % Correct
1
100%
2
100%
3
99%
5
99%
8
99%
4
98%
6
98%
7
98%
9
97%
12
93%
10
92%
11
92%
13
91%
14
91%
15
90%
16
89%
17
88%
18
88%
19
88%
20
87%
21
87%
23
87%
22
85%
34
85%
24
84%
25
84%
27
84%
32
84%
33
84%
30
83%
26
82%
28
82%
31
82%
35
82%
29
81%
37
81%
40
81%
36
80%
38
80%
43
79%
44
79%
45
79%
55
78%
39
77%
54
77%
56
77%
41
76%
42
76%
46
76%
50
76%
51
76%
47
75%
52
75%
48
74%
49
74%
53
74%
57
72%
60
72%
58
71%
59
71%
65
71%
61
70%
66
70%
67
70%
62
69%
63
68%
64
67%
69
65%
68
63%
70
63%
77
63%
71
62%
76
62%
78
62%
72
61%
73
61%
75
60%
74
59%
80
56%
81
55%
79
54%
82
54%
88
53%
87
52%
83
51%
84
50%
85
49%
86
49%
89
49%
90
49%
91
44%
92
43%
93
40%
98
40%
94
39%
95
39%
97
39%
99
39%
96
38%
100
34%
No matching quizzes found
Score Distribution
Percent of People with Each Score
Percentile by Number Answered
Your Score History
You have not taken this quiz